El presupuesto del estado : (Registro nro. 7847)

Detalles MARC
000 -LEADER
fixed length control field 00795nam a2200229 a 4500
001 - CONTROL NUMBER
control field 000044288
003 - CONTROL NUMBER IDENTIFIER
control field DO-SdBNP
005 - DATE AND TIME OF LATEST TRANSACTION
control field 20150709154124.0
007 - PHYSICAL DESCRIPTION FIXED FIELD--GENERAL INFORMATION
fixed length control field 000044288
008 - FIXED-LENGTH DATA ELEMENTS--GENERAL INFORMATION
fixed length control field 140612s2008 dr a 000 0 spa d
040 ## - CATALOGING SOURCE
Original cataloging agency BPMET
Language of cataloging spa
Transcribing agency BPMET
092 ## - LOCALLY ASSIGNED DEWEY CALL NUMBER (OCLC)
Classification number xxxx
Item number xxxx
245 03 - TITLE STATEMENT
Title El presupuesto del estado :
Remainder of title ¿ cómo se administran nuestros chelitos?
260 ## - PUBLICATION, DISTRIBUTION, ETC. (IMPRINT)
Place of publication, distribution, etc. Santo Domingo :
Name of publisher, distributor, etc. Centro de Estudios Sociales Padre Juan Montalvo,
Date of publication, distribution, etc. 2008.
300 ## - PHYSICAL DESCRIPTION
Extent 32 p. :
Other physical details il. ;
Dimensions 18 cm.
710 ## - ADDED ENTRY--CORPORATE NAME
Relator code Centro de Estudios Sociales Padre Juan Montalvo (República Dominicana)
930 #1 - EQUIVALENCE OR CROSS-REFERENCE-UNIFORM TITLE HEADING [LOCAL, CANADA]
Language of a work BND01
Medium of performance for music LF1
Field link and sequence number 20140612
Date of a work 01
Name of part/section of a work CT
Miscellaneous information 45186
942 ## - ADDED ENTRY ELEMENTS (KOHA)
Source of classification or shelving scheme Dewey Decimal Classification
Koha item type Libros
956 ## - LOCAL ELECTRONIC LOCATION AND ACCESS (OCLC)
Host name DGARCIA
Access number 10
Compression information 20140612
Logon BND01
Processor of request 1233
956 ## - LOCAL ELECTRONIC LOCATION AND ACCESS (OCLC)
Host name LOPEREZ
Access number 10
Compression information 20140617
Logon BND01
Processor of request 0944
956 ## - LOCAL ELECTRONIC LOCATION AND ACCESS (OCLC)
Host name VMATEO
Access number 10
Compression information 20150511
Logon BMET02
Processor of request 00151
Existencias
Withdrawn status Lost status Source of classification or shelving scheme Damaged status Not for loan Collection code Home library Current library Date acquired Total Checkouts Barcode Date last seen Price effective from Koha item type
    Dewey Decimal Classification       Biblioteca Pública Metropolitana Salomé Ureña Biblioteca Pública Metropolitana Salomé Ureña 05/11/2015   BPMET15051660 05/11/2015 05/11/2015 Libros